000 00685nam a2200241Ia 4500
003 OSt
005 20220926042911.0
006 a|||||r|||| 00| 0
007 ta
008 220923b |||||||| |||| 00| 0 eng d
037 _cGeneral Book
040 _aRTL
_cRTL
_beng
041 _2eng
_aeng
082 _aT4.5.N6, K5
110 _aOrganisation for Economic Cooperation and Development
245 0 _aInventory of training possibilities in Europe
260 _c1965
300 _a896p.
_ccm.
650 _aUniversity Education
700 _aOrganisation for Economic Cooperation and Development
942 _hT4.5.N6, K5
_cGB
_2CC
999 _c670881
_d670881